De la escritura parasitaria / (Registro nro. 48307)

Detalles MARC
000 -LEADER
fixed length control field 01194nam a2200277 4500
001 - CONTROL NUMBER
control field 0000023129
003 - CONTROL NUMBER IDENTIFIER
control field CO-CtgCURN
005 - DATE AND TIME OF LATEST TRANSACTION
control field 20250506215343.0
008 - FIXED-LENGTH DATA ELEMENTS--GENERAL INFORMATION
fixed length control field 160627s1996 000 0 eng d
020 ## - INTERNATIONAL STANDARD BOOK NUMBER
International Standard Book Number 9586552411
040 ## - CATALOGING SOURCE
Original cataloging agency CO-CtgCURN
Language of cataloging spa
Transcribing agency coctgcurn
082 0# - DEWEY DECIMAL CLASSIFICATION NUMBER
Classification number 801.9
Item number M516e
100 1# - MAIN ENTRY--PERSONAL NAME
Personal name Mario Mejia, Jorge.
245 16 - TITLE STATEMENT
Title De la escritura parasitaria /
Statement of responsibility, etc. Jorge Mario Mejia.
260 ## - PUBLICATION, DISTRIBUTION, ETC.
Place of publication, distribution, etc. Medellin :
Name of publisher, distributor, etc. Universidad de Antioquia,
Date of publication, distribution, etc. 1996.
300 ## - PHYSICAL DESCRIPTION
Extent 159 p.
336 ## - CONTENT TYPE
Source rdacontent
337 ## - MEDIA TYPE
Source rdamedia
Media type term sin mediacion
Media type code n
338 ## - CARRIER TYPE
Source rdacarrier
Carrier type term volumen
Carrier type code nc
505 8# - FORMATTED CONTENTS NOTE
Formatted contents note Parasito de la interpretacion.--El parasito quiere ser riguroso.--Parasito de la autointerpretacion.--Examen de conciencia y contricion de corazon.--Parasito de la experimentacion.--Fuga de aire.--La escuela de praga.--Hofmannsthal.--Situaciones de lucha.--El enemigo.--La funcion de una carta
600 10 - SUBJECT ADDED ENTRY--PERSONAL NAME
Personal name Dostoievski, Fedor Mijailovich,
General subdivision Critica e interpretacion,
Dates associated with a name 1821-1881.
908 ## - PUT COMMAND PARAMETER (RLIN)
Put command parameter 160627
942 ## - ADDED ENTRY ELEMENTS (KOHA)
Koha item type Libros
Classification part 801.9
Item part M516e
Source of classification or shelving scheme Dewey Decimal Classification
999 ## - SYSTEM CONTROL NUMBERS (KOHA)
-- 2
Existencias
Withdrawn status Lost status Source of classification or shelving scheme Damaged status Not for loan Collection Home library Current library Shelving location Date acquired Inventory number Total checkouts Full call number Barcode Date last seen Copy number Price effective from Koha item type Public note
    Dewey Decimal Classification     General Miguel Henríquez Castañeda Miguel Henríquez Castañeda General 03/04/2019 013353   801.9 M516e 013353 03/04/2019 ej.1 03/04/2019 Libros 800-LIT&RE
    Dewey Decimal Classification     General Miguel Henríquez Castañeda Miguel Henríquez Castañeda General 03/04/2019 013354   801.9 M516e 013354 03/04/2019 ej.2 03/04/2019 Libros 800-LIT&RE